Top 10 West Bromwich Albion Premier League Most Assists - Statistics

General Stats
  • This quiz has been taken 39 times
  • The average score is 5 of 11
Answer Stats
Player Assists % Correct
Chris Brunt 48
88%
James Morrison 26
73%
Peter Odemwingie 12
55%
Graham Dorrans 9
48%
Matt Phillips 11
48%
Zoltán Gera 7
48%
Youssouf Mulumbu 8
45%
Salomón Rondón 7
39%
Jonathan Greening 13
33%
Craig Gardner 8
24%
Marc-Antoine Fortuné 7
12%
No matching quizzes found
Score Distribution
Percent of People with Each Score
Percentile by Number Answered
Your Score History
You have not taken this quiz